Histoire de la Littérature Acadienne : De réve en réve

Enregistré dans:
Détails bibliographiques
Auteur principal: Maillet, Marguerite
Format: Livre
Langue:Undetermined
Publié: Ottawa, Canadá Editions d´ Acadie 1983
Sujets:
Tags: Ajouter un tag
Pas de tags, Soyez le premier à ajouter un tag!

MARC

LEADER 00000nam a2200000Ia 4500
008 170316s9999 xx 000 0 und d
040 |a cru BVZT 
090 |a 818 M-5h 
100 |a Maillet, Marguerite 
245 |a Histoire de la Littérature Acadienne : De réve en réve 
260 |a Ottawa, Canadá 
260 |b Editions d´ Acadie 
260 |c 1983 
300 |a 262 páginas 
650 |a LITERATURA CANADIENSE 
650 |a EN IDIOMA FRANCÉS 
650 |a HISTORIA DE LA LITERATURA 
999 |c 6581  |d 6581 
942 |c 15 D  |h 818 M-5h  |2 z